Vista normal
Vista MARC
Entrada Personal Name
Número de registros utilizados en: 1
001 - CONTROL NUMBER
- control field: 16804
003 - CONTROL NUMBER IDENTIFIER
- control field: DLC
005 - DATE AND TIME OF LATEST TRANSACTION
- control field: 20250225161531.0
008 - FIXED-LENGTH DATA ELEMENTS
- fixed length control field: 980619n| acannaabn |a aaa
010 ## - LIBRARY OF CONGRESS CONTROL NUMBER
- LC control number: n 98055996
035 ## - SYSTEM CONTROL NUMBER
- System control number: (OCoLC)oca04756226
040 ## - CATALOGING SOURCE
- Original cataloging agency: DLC
- Language of cataloging: spa
- Transcribing agency: Mx-PuUPA
- Modifying agency: OCoLC
- Modifying agency: Mx-PuUPA
- Description conventions: rda
046 ## - SPECIAL CODED DATES
- Birth date: 1931
100 1# - HEADING--PERSONAL NAME
- Personal name: Villarroel, Melvin,
- Dates associated with a name: 1931-
374 ## - OCCUPATION
- Occupation: Autor
375 ## - GENDER
- Gender: hombre
377 ## - ASSOCIATED LANGUAGE
- Language code: spa
400 1# - SEE FROM TRACING--PERSONAL NAME
- Personal name: Villarroel Roldán, Melvin,
- Dates associated with a name: 1931-
400 1# - SEE FROM TRACING--PERSONAL NAME
- Personal name: Roldán, Melvin Villarroel,
- Dates associated with a name: 1931-
670 ## - SOURCE DATA FOUND
- Source citation: Arquitectura del vacío, c1996:
- Information found: t.p. (Melvin Villarroel) back jkt. flap, etc. (Melvin Villarroel Roldán; b. 1931 in La Paz, Bolivia; degree in architecture from Santiago, Chile where he practiced; worked in France and Spain 73-75; studio in Costa del Sol 1975- )